000 00448nam a2200181Ia 4500
008 230524s9999 xx 000 0 und d
020 _a9789350714713
082 _a658
_bVAS
100 _aNeeru Vasishth
245 0 _aPrinciples of Management Text & Cases
250 _a4
260 _aNew Delhi
_bTaxMann
_c2014
300 _a"813p,"
500 _aQuantity Number: 11
650 _aManagement
700 _aVibhuti Vasishth
942 _cBK
999 _c54750
_d54750